Optimizing Crop Yields of Palay Production In Morong Rizal Using Linear Programming (Record no. 85931)

MARC details
000 -LEADER
fixed length control field 02197nam a22002897a 4500
003 - CONTROL NUMBER IDENTIFIER
control field URS
005 - DATE AND TIME OF LATEST TRANSACTION
control field 20251023094539.0
008 - FIXED-LENGTH DATA ELEMENTS--GENERAL INFORMATION
fixed length control field 250908b ||||| |||| 00| 0 eng d
040 ## - CATALOGING SOURCE
Transcribing agency URS
245 ## - TITLE STATEMENT
Title Optimizing Crop Yields of Palay Production In Morong Rizal Using Linear Programming
Remainder of title John Mark A. Gonzales... et al ...
260 ## - PUBLICATION, DISTRIBUTION, ETC.
Date of publication, distribution, etc. November 2024
300 ## - PHYSICAL DESCRIPTION
Extent 30 pages.,;
Other physical details Illustrations,
Dimensions 28 cm
336 ## - CONTENT TYPE
Source rdacontent
Content type term text
337 ## - MEDIA TYPE
Source rdamedia
Media type term unmediated
338 ## - CARRIER TYPE
Source rdacarrier
Carrier type term volume
502 ## - DISSERTATION NOTE
Dissertation note Thesis
Degree type College of Science
Name of granting institution University of Rizal System-Morong
Year degree granted 2024
520 ## - SUMMARY, ETC.
Summary, etc. This study tackled the production of Palay in Morong, Rizal using Linear Programming model. The Philippines is the sixth-biggest consumer of rice in the world. Therefore Filipino people have been used eating rice since childhood so it is difficult for Filipinos to eat without the rice. However, the productivity of Palay, according to Municipality of Morong Rizal has been productive and through the used of Linear Programming the researchers are able to maximize the production of it with the data provided by the Agriculture office of Morong, Rizal. The study will be focuses solely with the production of Palay by maximizing it and also minimizing the constraints such as water, fertilizer, seeds and land. In addition to that, Using the Linear Programming the farmers will be able to know the resources and cost that they will be used for the upcoming years. Also by addressing this kind of study the farmers as well as the community will be educated about the productivity of Palay. Keywords: Production of Palay in Morong, Rizal, maximizing the production and minimizing the constraints.
700 ## - ADDED ENTRY--PERSONAL NAME
Personal name John Mark A. Gonzales
Relator term Author
700 ## - ADDED ENTRY--PERSONAL NAME
Personal name Cristel A. Lumacad
Relator term Author
700 ## - ADDED ENTRY--PERSONAL NAME
Personal name Mayla B. Nacario
Relator term Author
700 ## - ADDED ENTRY--PERSONAL NAME
Personal name Jhon Lester P. Pautan
Relator term Author
700 ## - ADDED ENTRY--PERSONAL NAME
Personal name Sophia Miles V. Salcedo
Relator term Author
700 ## - ADDED ENTRY--PERSONAL NAME
Personal name Matimatico, Aireen C.
Relator term Degree Supervisor
856 ## - ELECTRONIC LOCATION AND ACCESS
Materials specified Online Request for Student Unpublished Works
Uniform Resource Identifier <a href="https://forms.gle/7LqvGGkaDrUQqz429">https://forms.gle/7LqvGGkaDrUQqz429</a>
856 ## - ELECTRONIC LOCATION AND ACCESS
Uniform Resource Identifier <a href="https://drive.google.com/file/d/129b9BkU8oTrUDX7yizW1SPYUrBxPaNb5/view?usp=drive_link">https://drive.google.com/file/d/129b9BkU8oTrUDX7yizW1SPYUrBxPaNb5/view?usp=drive_link</a>
942 ## - ADDED ENTRY ELEMENTS (KOHA)
Source of classification or shelving scheme Library of Congress Classification
Koha item type Theses and dissertations
Holdings
Withdrawn status Source of classification or shelving scheme Damaged status Not for loan Collection code Home library Current library Date acquired Total Checkouts Barcode Date last seen Price effective from Koha item type
  Library of Congress Classification     Reference Morong College Library Morong College Library 09/08/2025   URSMOR-CL-7015 09/08/2025 09/08/2025 Theses and dissertations

University of Rizal System
Email us at univlibservices@urs.edu.ph

Visit our Website www.urs.edu.ph/library